=LDR 00000nam 2200000 4500 =001 INLIS000000000011053 =005 20210525041505 =035 ##$$a 0010-061300000011053 =008 210525################g##########0#ind## =041 ##$$a Ind =082 ##$$a 338.9 =090 ##$$a 338.9, Mem m =245 ##$$a Mengembangkan Startegi Ekonomi; Tim Penulis H.S.Hadibroto Dkk /$c Tim Penulis H.S.Hadibroto Dkk =250 ##$$a Sri Membangun bangsa di budang Ekonomi Praktik dan teknologi =260 ##$$a Preitul dan Tegnologi :$b Jakarta =300 ##$$a xxii, 265 hlm ; $c 21x14 cm =700 #$$a Hardibroto, HS =850 ##$$a NBPNMAT =020 ##$$a 979-416-572-7 =084 ##$$a 338.9 MEN =990 ##$$a 144.228/Pro-99 =990 ##$$a 144.229/Pro-99